000
00281nam a22001097a 4500
082
_a
681.76 ELO'S
100
_a
ELONKA, S. M,ROBINSON, J. F
_9
59459
245
_a
STANDARD PLANT OPEARTORS QUESTIONS ANS ANSWER
250
_a
V-1
260
_a
NEWYORK
_b
MCGRAW HILL
_c
1959
942
_c
BK
999
_c
569434
_d
569434